Normal view
MARC view
Entry Personal Name
001 - CONTROL NUMBER
- control field: 624105
003 - CONTROL NUMBER IDENTIFIER
- control field: OSt
005 - DATE AND TIME OF LATEST TRANSACTION
- control field: 20221005110346.0
008 - FIXED-LENGTH DATA ELEMENTS
- fixed length control field: 221005|| aca||aabn | a|a d
040 ## - CATALOGING SOURCE
- Original cataloging agency: OSt
- Transcribing agency: OSt
100 ## - HEADING--PERSONAL NAME
- Personal name: जोशी, ्र्र्र्र्र्र्र्र्र्र्र्र्र्र्र्र्र्रज्योतिष, ले
670 ## - SOURCE DATA FOUND
- Source citation: Work cat.: (OSt)1018577: जोशी, ्र्र्र्र्र्र्र्र्र्र्र्र्र्र्र्र्र्रज्योतिष, ले., आलोचना का समय, 2013
